| АИС "Историко-культурное наследие Беларуси" | ||
| Базовый | Расширенный | Профессиональный | Словарь персоналий | Тематический словарь | По видам объектов | История запросов Заказы | Регистрация | |
Запись в MARC-формате
| копировать MARC-запись |
=LDR 00000nx\\c2200229\\\45\\
=001 BY-NLB-ar6609627
=005 20160330095639.9
=100 \\$a20131007arusy50\\\\\\ca0
=152 \\$apsbo
=160 \\$ae-bw
=215 \\$aЦерковь во имя святителя Николая Чудотворца (Латыголь, деревня; Вилейский район)
=300 1\$aПостроена в 1771 г. на средства графа Сологуба как униатская. Освящена в 1871 г. Памятник народного деревянного зодчества с чертами стиля барокко.
=356 \\$aРасположена в северной части д. Латыголь.
=415 \\$aЛатыгольская Николаевская церковь
=415 \\$aСвято-Николаевская церковь (Латыголь, деревня; Вилейский район)
=515 \\$5w$3BY-NLB-ar6609665$aЦарква ў імя свяціцеля Мікалая Цудатворца (Латыгаль, вёска; Вілейскі раён)
=801 \0$aBY$bBY-HM0000$c20131007
=810 \\$aПраваслаўныя храмы Беларусі : энцыклапедычны даведнік / А. М. Кулагін. — Мінск, 2007.
=810 \\$aПраваслаўныя храмы на Беларусі : энцыклапедычны даведнік / А. М. Кулагін. — Мінск, 2001.
=810 \\$aРеспублика Беларусь : энциклопедия. [В 7 т.]. Т. 4. — Минск, 2007.
=999 \\$f1848 NLB-NDARD$t20131007
=999 \\$h40 NLB-NDARD$t20131031
Чтобы вернуться назад, щелкните кнопку BACK на Вашем браузере